[Event "CZE-chT2 9697"]
[Site "CZE"]
[Date "1997.??.??"]
[Round "?"]
[White "Haba, Zdenek"]
[Black "Snorek, Milan"]
[Result "0-1"]
[WhiteElo "2280"]
[BlackElo "2205"]

1.d4 Nf6 2.c4 e6 3.g3 Bb4+ 4.Bd2 Bxd2+ 5.Qxd2 Ne4 6.Qc2 f5 7.Bg2 d5 8.Nc3 Nc6
9.Nf3 O-O 10.O-O a5 11.Rad1 Ra6 12.e3 Nb4 13.Qb3 Rb6 14.Na4 dxc4 15.Qxc4 Rd6
16.Nc3 b6 17.Qb3 Ba6 18.Rfe1 Nd3 19.Re2 Ndc5 20.Qc2 Nxc3 21.bxc3 Bxe2 22.Qxe2 Ne4
23.Qc4 b5 24.Qb3 c5 25.Rc1 Qb6 26.Ne5 c4 27.Qc2 Nf6 28.a4 Nd7 29.axb5 Nxe5
30.dxe5 Rd3 31.Bf1 Rd5 32.Bxc4 Rxe5 33.Bf1 g5 34.Rd1 f4 35.Rd7 Ref5 36.exf4 gxf4
37.Rxh7 Kxh7 38.g4 Rg8 39.h3 Kh8 40.c4 Qc5 41.Kh1 Rf6  0-1

[Event "CZE-chT2 9697"]
[Site "CZE"]
[Date "1997.??.??"]
[Round "?"]
[White "Haba, Zdenek"]
[Black "Fiedler, Bedrich"]
[Result "1-0"]
[WhiteElo "2280"]
[BlackElo "2195"]

1.d4 Nf6 2.c4 e6 3.g3 Bb4+ 4.Bd2 Qe7 5.Bg2 O-O 6.Nc3 Nc6 7.a3 Bxc3 8.Bxc3 d6
9.e4 e5 10.d5 Nb8 11.Ne2 Ng4 12.h3 Nh6 13.g4 f6 14.Ng3 g6 15.Qd2 Nf7 16.O-O f5
17.exf5 gxf5 18.f4 fxg4 19.fxe5 Nxe5 20.Rxf8+ Qxf8 21.Rf1 Qe7 22.Qh6 Qg7
23.Qh4  1-0

[Event "CZE-chT2 9697"]
[Site "CZE"]
[Date "1997.??.??"]
[Round "?"]
[White "Jurek, Josef"]
[Black "Pick, Stepan"]
[Result "1/2-1/2"]
[WhiteElo "2395"]
[BlackElo "2215"]

1.d4 Nf6 2.c4 e6 3.g3 Bb4+ 4.Nc3 d5 5.Bg2 O-O 6.Nf3 dxc4 7.O-O Nc6 8.Qc2 Bd6
9.Nb5 Bd7 10.Qxc4 Rc8 11.Bd2 Ne4 12.Be3 Be7 13.Nc3 Nd6 14.Qd3 Nb4 15.Qd1 Nc4
16.Bc1 c5 17.b3 Nb6 18.Bb2 N6d5 19.Nxd5 Nxd5 20.e4 Nf6 21.Qe2 cxd4 22.Rfd1 Qa5
23.Nxd4 Rfd8 24.e5 Nd5 25.Bxd5 Qxd5 26.Nf5 Qxd1+ 27.Rxd1 exf5 28.h3 a6 29.Kh2 Be6
30.Rxd8+ Rxd8 31.Bc3 g6 32.Ba5 Rd5 33.Bd2 h5 34.h4  1/2-1/2

[Event "Dieren op"]
[Site "Dieren"]
[Date "1997.??.??"]
[Round "2"]
[White "Mikhalevski, Victor"]
[Black "Hoeksema, Hendrik Pieter"]
[Result "1-0"]
[WhiteElo "2535"]
[BlackElo "2400"]

1.d4 Nf6 2.c4 e6 3.g3 Bb4+ 4.Nd2 d5 5.Bg2 O-O 6.Nf3 Nbd7 7.O-O b6 8.Ne5 Bb7
9.cxd5 exd5 10.Qa4 Bd6 11.Nxd7 Qxd7 12.Qxd7 Nxd7 13.Nc4 Be7 14.Bf4 Bf6 15.Rfd1 Rfe8
16.Bxc7 Rec8 17.Nd6 Rxc7 18.Nxb7 Rxb7 19.Bxd5 Rab8 20.Bxb7 Rxb7 21.Rac1 g5
22.Rc8+ Kg7 23.e3 Nf8 24.Rdc1 Ne6 25.b4 Rd7 26.b5 g4 27.h3 gxh3 28.f4 h5
29.Kf2 Bxd4 30.exd4 Rxd4 31.Rh1 Rd2+ 32.Ke3 Rxa2 33.Rxh3 Ra3+ 34.Ke4 Ra4+
35.Kf5 Rb4 36.Rxh5 Rxb5+ 37.Kg4 Rb4 38.Kh3 Rb3 39.Kh4 a5 40.Ra8 Rb4 41.Ra7 Kg6
42.Rd5 a4 43.Rdd7 Ng7 44.Rxf7 Nf5+ 45.Kh3 Rb3 46.Rxf5 Kxf5 47.Rxa4 b5 48.Rd4 Rb1
49.g4+ Ke6 50.Kh4 b4 51.Kg5 b3 52.Rd3 b2 53.Rd2  1-0

[Event "RUS-Cup5"]
[Site "Ekaterinburg"]
[Date "1997.??.??"]
[Round "8"]
[White "Zasukhin, Vadim"]
[Black "Akhmadeev, Vadim"]
[Result "1-0"]
[WhiteElo "2305"]
[BlackElo "2450"]

1.d4 Nf6 2.c4 e6 3.g3 Bb4+ 4.Nd2 O-O 5.Bg2 d5 6.Qc2 c6 7.Nf3 Ne4 8.O-O f5
9.Ne5 Nd7 10.Ndf3 Qe8 11.c5 Ba5 12.Nxd7 Bxd7 13.Bf4 Qc8 14.Rab1 Bc7 15.Bxc7 Qxc7
16.Ne5 Ng5 17.b4 Nf7 18.Nxf7 Rxf7 19.f4 h6 20.Qd2 Kh8 21.a4 a6 22.Qe3 Rg8
23.Qe5 Qd8 24.Kf2 Kh7 25.h4 Rf6 26.Bf3 Be8 27.Rb2 g6 28.e3 Rg7 29.Rh1 Kg8
30.Be2 Qe7 31.b5 axb5 32.axb5 Rf8 33.bxc6 bxc6 34.Rb8 Rgf7 35.g4 Qc7 36.Qxc7 Rxc7
37.Ra1 Bd7 38.Rxf8+ Kxf8 39.Ra8+ Kf7 40.g5 hxg5 41.fxg5 Rb7 42.h5 gxh5 43.Bxh5+ Kg7
44.Kf3 e5 45.dxe5 Be6 46.Rd8 Bd7 47.g6 Be6 48.Kf4 Rb4+ 49.Kg5 Rb1 50.Rd6 Rg1+
51.Kf4 Rf1+ 52.Kg3 Bg8 53.Rxc6 Rh1 54.Bf3 Rg1+ 55.Kf4 Rxg6 56.Rxg6+ Kxg6
57.c6 Be6 58.c7 Bc8 59.Bxd5 Kg7 60.Kg5 Kf8 61.Kf6  1-0

[Event "FRA-chT9697 groupe A"]
[Site "France"]
[Date "1997.??.??"]
[Round "1"]
[White "Sellos, Didier"]
[Black "Spiridonov, Nikola"]
[Result "0-1"]
[WhiteElo "2455"]
[BlackElo "2390"]

1.d4 Nf6 2.c4 e6 3.g3 Bb4+ 4.Bd2 c5 5.Bxb4 cxb4 6.Bg2 O-O 7.Nf3 d6 8.O-O Qc7
9.Nbd2 e5 10.a3 bxa3 11.Rxa3 Nc6 12.d5 Nb4 13.Ne1 a5 14.h3 b5 15.cxb5 Bd7
16.Nb1 Bxb5 17.Nc3 Bc4 18.Kh2 Rfe8 19.b3 Ba6 20.Qd2 Qc5 21.Ra1 e4 22.Rd1 Rac8
23.Rc1 Nbxd5 24.Na2 Qb5 25.Rxc8 Rxc8 26.Nc2 Qxe2 27.Qxa5 Qb5 28.Qxb5 Bxb5
29.Rc1 Kf8 30.Nd4 Rxc1 31.Nxc1 Nc3 32.g4 g5 33.Kg3 Bd7 34.f3 d5 35.Kf2 exf3
36.Nxf3 h6 37.Ke3 Ke7 38.Kd4 Nb5+ 39.Ke5 Be6  0-1

[Event "Oberliga Sued W9697"]
[Site "GER"]
[Date "1997.??.??"]
[Round "?"]
[White "Schwing, Hans Elmar"]
[Black "Ritz, Thomas"]
[Result "1-0"]
[WhiteElo "2240"]
[BlackElo "2180"]

1.d4 Nf6 2.c4 e6 3.g3 Bb4+ 4.Bd2 Be7 5.Bg2 d5 6.Nf3 O-O 7.O-O c6 8.Bf4 b6
9.Nbd2 Bb7 10.Qc2 Nbd7 11.e4 c5 12.e5 Ne4 13.Nxe4 dxe4 14.Nd2 cxd4 15.Nxe4 Rc8
16.Rfd1 Qc7 17.Rxd4 Nc5 18.Rad1 Bxe4 19.Bxe4 Nxe4 20.Qxe4 Rfd8 21.b3 h6 22.Be3 Bc5
23.Rxd8+ Rxd8 24.Rxd8+ Qxd8 25.Bxc5 bxc5 26.Qc6 Qa5 27.Qe8+ Kh7 28.Qxf7 Qe1+
29.Kg2 Qxe5 30.h4 Qe4+ 31.Qf3 Qc2 32.a3 a5 33.h5 a4 34.bxa4 Qxc4 35.a5 Qa6
36.Qc3 Qc6+ 37.f3 c4 38.Kf1 Qb5 39.Ke2 Qxh5 40.Qxc4 Qh2+ 41.Ke3 Qg1+ 42.Kf4 e5+
43.Kxe5 Qxg3+ 44.Qf4 Qf2 45.Qf5+ Kg8 46.Kd6 Qa7 47.Qb5 Kf8 48.Qe5 Qb7 49.Qf5+ Ke8
50.Qe4+ Qe7+  1-0

[Event "Oberliga Nord N9697"]
[Site "Germany"]
[Date "1997.??.??"]
[Round "?"]
[White "Buhr, Carl Christian"]
[Black "Hochgraefe, Markus"]
[Result "1-0"]
[WhiteElo "2265"]
[BlackElo "2270"]

1.d4 Nf6 2.c4 e6 3.g3 Bb4+ 4.Bd2 Qe7 5.Bg2 Nc6 6.Nf3 Bxd2+ 7.Nbxd2 d6 8.O-O a5
9.e4 e5 10.d5 Nb8 11.Ne1 O-O 12.Nd3 Na6 13.a3 Bg4 14.f3 Bd7 15.b4 c6 16.Rc1 cxd5
17.cxd5 axb4 18.axb4 Bb5 19.Nc4 Rac8 20.Qb3 Qc7 21.Ndb2 Bxc4 22.Rxc4 Qb6+
23.Kh1 Rfd8 24.Rfc1 Rxc4 25.Nxc4 Qc7 26.Qa3 Qd7 27.b5 Nc7 28.Qxd6 Qxd6 29.Nxd6 Nfe8
30.Nxb7 Rb8 31.d6 Rxb7 32.d7 Rb8 33.b6 Kf8 34.bxc7 Nxc7 35.Bf1  1-0

[Event "Oberliga Nord N9697"]
[Site "Germany"]
[Date "1997.??.??"]
[Round "?"]
[White "Hochgraefe, Markus"]
[Black "Stelting, Thorsten"]
[Result "1-0"]
[WhiteElo "2270"]
[BlackElo "2290"]

1.d4 Nf6 2.c4 e6 3.g3 Bb4+ 4.Bd2 a5 5.Bg2 O-O 6.Nf3 b6 7.Ne5 Ra7 8.O-O Bb7
9.Bg5 Bxg2 10.Kxg2 Be7 11.Nc3 h6 12.Bxf6 Bxf6 13.Nf3 d6 14.e4 Be7 15.Qd2 c6
16.d5 Bf6 17.dxc6 Bxc3 18.Qxc3 Nxc6 19.Rfd1 Rd7 20.Rd2 Qc7 21.Rad1 Rfd8 22.Nd4 Nxd4
23.Rxd4 Qc6 24.Qd3 f5 25.Kg1 fxe4 26.Rxe4 d5 27.Rd4 Rd6 28.b3 Qc5 29.h4 Rf8
30.Qe2 Kh8 31.R1d2 Rf5 32.Kg2 b5 33.cxb5 e5 34.Ra4 e4 35.Rc2 Qb6 36.Rc6 Rxc6
37.bxc6 Qxc6 38.Rd4 Kh7 39.Qd2 Qc5 40.b4 axb4 41.Qxb4 Qc6 42.a4 e3 43.fxe3 Qc1
44.Rf4 Re5 45.Qd4 Rxe3 46.Qxd5 Re2+ 47.Kh3 Qb2 48.Qd3+ Kg8 49.Qd5+ Kh7 50.Re4 Rh2+
51.Kg4 Rf2 52.Re8 Qb4+ 53.Qe4+ Qxe4+ 54.Rxe4 Ra2 55.Kf5 h5 56.g4 hxg4 57.Rxg4 Kh6
58.Ke6 Rd2 59.Ke5 g6 60.Rd4 Ra2 61.Kd5 g5 62.Kc6 gxh4 63.Rxh4+ Kg5 64.Rd4 Kf6
65.Kb5 Ke5 66.Rd3 Ra1 67.a5 Rb1+ 68.Kc6 Ra1 69.Kb6 Rb1+ 70.Ka7  1-0

[Event "BL2-W9697"]
[Site "Germany"]
[Date "1997.??.??"]
[Round "?.2"]
[White "Levin, Felix"]
[Black "Straeter, Timo"]
[Result "1-0"]
[WhiteElo "2485"]
[BlackElo "2300"]

1.d4 Nf6 2.c4 e6 3.g3 Bb4+ 4.Bd2 Be7 5.Bg2 d5 6.Nf3 O-O 7.O-O Nbd7 8.Qc2 c6
9.Rd1 Ne4 10.Bf4 f5 11.Ne5 g5 12.Bc1 Nd6 13.b3 Bf6 14.Bb2 Qe7 15.Nd2 Qg7
16.Ba3 Be7 17.cxd5 exd5 18.Nxc6 bxc6 19.Bxd6 Bxd6 20.Qxc6 Rf6 21.Qxd5+ Kh8
22.Qxa8  1-0

[Event "NRW-Liga I 9697"]
[Site "Germany"]
[Date "1997.??.??"]
[Round "6.4"]
[White "Roos, Thomas"]
[Black "Kasnitz, Martin"]
[Result "1/2-1/2"]
[WhiteElo "2260"]
[BlackElo "2270"]

1.d4 Nf6 2.c4 e6 3.g3 Bb4+ 4.Nd2 O-O 5.Bg2 d6 6.Nf3 Qe7 7.a3 Bxd2+ 8.Bxd2 Ne4
9.O-O f5 10.Rc1 Nd7 11.b4 c5 12.e3 b6 13.Qe2 Bb7 14.Rfd1  1/2-1/2

[Event "BL2-O9798"]
[Site "Germany"]
[Date "1997.??.??"]
[Round "7.3"]
[White "Schoebel, Wolfgang"]
[Black "Assmann, Thomas"]
[Result "1/2-1/2"]
[WhiteElo "2255"]
[BlackElo "2345"]

1.d4 Nf6 2.c4 e6 3.g3 Bb4+ 4.Bd2 Be7 5.Bg2 d5 6.Qc2 O-O 7.Nf3 c6 8.O-O b6
9.Rd1 Ba6 10.b3 Nbd7 11.Bg5 Rc8 12.Nbd2 c5 13.Rac1 cxd4 14.Nxd4 Ba3 15.Rb1 h6
16.Bxf6 Qxf6 17.e3 Bb4 18.Qb2 Ne5 19.cxd5 Nd3 20.Ne4 Qg6 21.Qe2 Nc5 22.Qf3 Bd3
23.Nxc5 Bxb1 24.Nd7 Bc2 25.Nxc2 Qxc2 26.Nxf8 Rxf8 27.d6 Qxa2 28.d7 Be7 29.Rd3 Qc2
30.Bf1 Rb8 31.Qf4 Rd8 32.Qd4 Qc7 33.h4 Bc5 34.Qa4 a5 35.Qb5 Kf8 36.Bg2 Ke7
37.Bc6 Qe5 38.Qa4 Qb2 39.Bb5 h5 40.Qf4 g6 41.Qg5+ Qf6 42.Qxf6+ Kxf6 43.Kg2 Be7
44.Kf3 Ke5 45.Rd1  1/2-1/2

[Event "NRW-Liga I 9697"]
[Site "Germany"]
[Date "1997.??.??"]
[Round "8.4"]
[White "Roos, Thomas"]
[Black "Simon, Hans Christian"]
[Result "1-0"]
[WhiteElo "2260"]
[BlackElo "2230"]

1.d4 Nf6 2.c4 e6 3.g3 Bb4+ 4.Nd2 d5 5.Bg2 O-O 6.Qc2 Nc6 7.Nf3 dxc4 8.Qxc4 Qd5
9.O-O Bxd2 10.Qxd5 exd5 11.Bxd2 Re8 12.e3 Bf5 13.Rfc1 Rac8 14.Nh4 Bd7 15.Bf1 a6
16.Bd3 Ne7 17.Bb4 g6 18.Rc2 Bb5 19.Bxb5 axb5 20.Bxe7 Rxe7 21.a4 bxa4 22.Rxa4 Ne4
23.Nf3 f6 24.Ne1 c6 25.Nd3 Nd6 26.Nb4 Ree8 27.b3 Ra8 28.Rca2 Rxa4 29.bxa4 Ra8
30.a5 Kf7 31.a6 bxa6 32.Nxc6 Nc4 33.Na5 Ke6 34.Kf1 Nd6 35.Ke2 Rb8 36.Kd3 Rb6
37.f3 f5 38.Kc3 Nb5+  1-0

[Event "Karsten Kold op"]
[Site "Gistrup"]
[Date "1997.??.??"]
[Round "6"]
[White "Mikhalevski, Victor"]
[Black "Shipov, Sergei"]
[Result "1/2-1/2"]
[WhiteElo "2535"]
[BlackElo "2575"]

1.d4 Nf6 2.c4 e6 3.g3 Bb4+ 4.Nd2 O-O 5.Bg2 d5 6.Nf3 dxc4 7.Qc2 Nc6 8.Qxc4 Qd5
9.O-O Bxd2 10.Qxd5 exd5 11.Bxd2 Re8 12.e3 Ne7 13.Rfc1 c6 14.Ne5 Nf5 15.f3 h5
16.Kf2 g5 17.e4 dxe4 18.Bxg5 Nh7 19.fxe4 Nxg5 20.exf5 Bxf5 21.Rf1 Rad8 22.Kg1 Bh7
23.Rae1 f5 24.Nf3 Rxe1 25.Rxe1 Ne4 26.Bh3 Kg7 27.Nh4 Kf6 28.Rf1 Rd5 29.Rf4 Ng5
30.Bg2 Ra5 31.a3 Ne6 32.Rf2 Nxd4  1/2-1/2

[Event "Excelsior Cup"]
[Site "Gothenborg"]
[Date "1997.??.??"]
[Round "2"]
[White "Gleizerov, Evgeny"]
[Black "Sjoberg, Mats"]
[Result "1-0"]
[WhiteElo "2545"]
[BlackElo "2430"]

1.d4 Nf6 2.c4 e6 3.g3 Bb4+ 4.Bd2 Bxd2+ 5.Qxd2 c5 6.Bg2 cxd4 7.Nf3 d5 8.Nxd4 dxc4
9.Na3 O-O 10.Nxc4 Qe7 11.O-O e5 12.Nb3 Rd8 13.Qe3 e4 14.Rfd1 Nc6 15.Rxd8+ Nxd8
16.Rd1 Be6 17.Nd6 Nd5 18.Qc5 b6 19.Qa3 Nc6 20.Nxe4 Ndb4 21.Nc3 Qe8 22.Nd4 Rd8
23.Nxc6 Rxd1+ 24.Nxd1 Nxc6 25.Nc3 a5 26.Qd6 Bd7 27.Nd5  1-0

[Event "Graz op"]
[Site "Graz"]
[Date "1997.??.??"]
[Round "7"]
[White "Freitag, Manfred"]
[Black "Wegerer, Fred"]
[Result "1-0"]
[WhiteElo "2390"]
[BlackElo "2235"]

1.d4 Nf6 2.c4 e6 3.g3 Bb4+ 4.Bd2 Bxd2+ 5.Qxd2 d5 6.Bg2 O-O 7.Nf3 Nbd7 8.O-O c6
9.Qc2 Re8 10.Rd1 b6 11.cxd5 cxd5 12.Nc3 Ba6 13.Qa4 Qc8 14.Rac1 Qb7 15.Ne5 Rac8
16.Nxd7 Nxd7 17.e4 Nf6 18.e5 Nd7 19.b3 Nb8 20.Bf1 Bxf1 21.Kxf1 a6 22.Ne2 Nc6
23.Rc2 f6 24.exf6 gxf6 25.b4 Na7 26.Qb3 Rxc2 27.Qxc2 Rc8 28.Qd2 Nb5 29.Nf4 Qd7
30.Re1 Rc6 31.Nh5 e5 32.Qh6 Qf7 33.dxe5 Nd4 34.exf6 Re6 35.Qg5+ Kf8 36.Rxe6 Qxe6
37.Qh6+ Kf7 38.Qxh7+ Kf8 39.Qg7+ Ke8 40.f7+ Qxf7  1-0

[Event "Perenyi  Memorial"]
[Site "Gyula"]
[Date "1997.??.??"]
[Round "7"]
[White "Ruck, Robert"]
[Black "Anka, Emil"]
[Result "1/2-1/2"]
[WhiteElo "2450"]
[BlackElo "2450"]

1.d4 Nf6 2.c4 e6 3.g3 Bb4+ 4.Bd2 Qe7 5.Bg2 Nc6 6.e3 O-O 7.Ne2 d5 8.Qc2 Rd8
9.O-O Bxd2 10.Nxd2 e5  1/2-1/2

[Event "SWE-ch qualA"]
[Site "Haninge"]
[Date "1997.??.??"]
[Round "1"]
[White "Lindgren, Fredrik"]
[Black "Von Bahr, Oskar"]
[Result "1/2-1/2"]
[WhiteElo "2200"]
[BlackElo "2185"]

1.d4 Nf6 2.c4 e6 3.g3 Bb4+ 4.Nd2 c5 5.a3 Bxd2+ 6.Qxd2 cxd4 7.Nf3 Nc6 8.Nxd4 O-O
9.Bg2 d5 10.cxd5 exd5 11.O-O Re8 12.Nxc6 bxc6 13.Qc2 Ba6 14.Be3 Ng4 15.Bd4 Bxe2
16.Rfe1 Bb5 17.a4 Rxe1+ 18.Rxe1 Qa5 19.Bc3 Qxa4 20.Qf5 d4 21.Bd2 Nf6 22.h4 Re8
23.Rxe8+ Nxe8 24.Kh2 Qb3 25.Qe5 Qe6 26.Qxd4 a6 27.Bb4 Nf6 28.Bh3 Qd5  1/2-1/2

[Event "SWE-ch"]
[Site "Haninge"]
[Date "1997.??.??"]
[Round "9"]
[White "Astrom, Robert"]
[Black "Engqvist, Thomas"]
[Result "1-0"]
[WhiteElo "2450"]
[BlackElo "2345"]

1.d4 Nf6 2.c4 e6 3.g3 Bb4+ 4.Bd2 Be7 5.Bg2 d5 6.Nf3 O-O 7.O-O c6 8.Qc2 Nbd7
9.Bf4 b6 10.Rd1 Bb7 11.Nc3 dxc4 12.Nd2 Nd5 13.Nxc4 Nxf4 14.gxf4 Qc7 15.e3 f5
16.Rac1 Rf6 17.Ne2 Rg6 18.Ng3 Rc8 19.Qe2 Qb8 20.a3 Rf6 21.Ne5 Nxe5 22.dxe5 Rg6
23.Rd7 Rc7 24.Rcd1 Kf8 25.R1d2 Qc8 26.Rxc7 Qxc7 27.Qd1 Ke8 28.Qh5 Kf8 29.Qd1 Ke8
30.b4 Rh6 31.Qb3 Bc8 32.Qc4 Bd7 33.b5 Bc5 34.a4 cxb5 35.axb5 Bd6 36.Qd3 Bb4
37.Rc2 Bc5 38.Bf3 Rh4 39.Kg2 Ke7 40.Nh5 g6 41.Nf6 g5 42.fxg5 Rb4 43.Nxd7 Qxd7
44.Qxd7+ Kxd7 45.Ra2 f4 46.Rxa7+ Ke8 47.Bh5+ Kf8 48.Rf7+ Kg8 49.Rxf4 Rxb5
50.Bf7+ Kg7 51.Bxe6 Ba3 52.Rf7+ Kg6 53.Rf6+ Kg7 54.f4 Bc5 55.h4 Bxe3 56.Rf7+ Kg6
57.Kf3  1-0

[Event "Jakarta op"]
[Site "Jakarta"]
[Date "1997.??.??"]
[Round "?"]
[White "Bolico, Exfelicos"]
[Black "Kaiumov, Dmitry D"]
[Result "0-1"]
[WhiteElo "2215"]
[BlackElo "2450"]

1.d4 Nf6 2.c4 e6 3.g3 Bb4+ 4.Bd2 Be7 5.Bg2 d5 6.Nf3 O-O 7.O-O c6 8.Bc3 dxc4
9.Ne5 b5 10.Bxc6 Nxc6 11.Nxc6 Qc7 12.Nxe7+ Qxe7 13.Ba5 Bb7 14.a3 e5 15.Nc3 Qd7
16.e3 Rfe8 17.f3 exd4 18.Qxd4 Qxd4 19.exd4 a6 20.Kf2 Re6 21.Rfe1 h5 22.Rxe6 fxe6
23.Re1 Rf8 24.f4 Kf7 25.h3 g6 26.Re5 Bd5 27.Rg5 Rc8 28.Ke3 Bg2 29.h4 Bd5
30.Kd2 Rc6 31.Bb4 Rc7 32.Ke2 Rd7 33.Bc5 Bc6 34.Bb6 Bd5 35.Ke3 Ng4+ 36.Ke2 Nh6
37.Re5 Bc6 38.Ne4 Bxe4 39.Rxe4 Ng4 40.Kf3 Nf6 41.Re5 Nd5 42.Ba5 Ne7 43.Bb6 Nc6
44.Re4 Kf6 45.g4 hxg4+ 46.Kxg4 Ne7 47.Ba5 Rd5 48.Re5 Nc6 49.Rxd5 exd5 50.Bd2 a5
51.Be1 b4 52.axb4 axb4 53.Bd2 c3 54.bxc3 b3 55.Bc1 Na5 56.f5 gxf5+ 57.Kf4 Nc4
58.h5 b2 59.Bxb2 Nxb2 60.h6 Na4 61.h7 Kg7 62.Kxf5 Nxc3 63.h8=Q+ Kxh8 64.Kf6 Kh7
65.Kf7 Kh6 66.Kf6 Kh5 67.Kf5 Kh4 68.Kf4 Kh3 69.Kf3 Kh2 70.Kf2 Nb5  0-1

[Event "La Plata"]
[Site "La Plata"]
[Date "1997.??.??"]
[Round "6"]
[White "Sorokin, Maxim"]
[Black "Bielicki, Carlos"]
[Result "1-0"]
[WhiteElo "2555"]
[BlackElo "2290"]

1.d4 Nf6 2.c4 e6 3.g3 Bb4+ 4.Bd2 Bxd2+ 5.Qxd2 d6 6.Bg2 O-O 7.Nf3 Qe7 8.Nc3 e5
9.O-O Re8 10.e4 Bg4 11.d5 a5 12.Ne1 Na6 13.Nd3 Nd7 14.f3 Bh5 15.Nf2 Bg6 16.Nb5 b6
17.Bh3 Ndc5 18.Rae1 Qd8 19.Kh1 Re7 20.Re3 Qf8 21.Qc2 Qe8 22.Rg1 Kh8 23.Qe2 Kg8
24.Re1 Bh5 25.Qd2 Bg6 26.b3 Kh8 27.a3 Qd8 28.b4 Nb7 29.Nd3 Qe8 30.Nc3 Qd8
31.f4 f6 32.Be6 Bf7 33.f5 g5 34.Bxf7 Rxf7 35.Qd1 Qe8 36.Qh5 Rf8 37.Qh6 Qe7
38.g4 Qg7 39.Qh5 Qf7 40.Rh3 Qxh5 41.Rxh5 Kg7 42.Nb5 Rf7 43.Kg2 Rff8 44.h4 h6
45.Rh1 Rh8 46.Kf3 gxh4 47.R5xh4 Rh7 48.R4h2 Rhh8 49.Ke3 Rh7 50.Kd2 Rhh8 51.Kc3 Rh7
52.Nc1 Nd8 53.Nb3 a4 54.Nc1 Nf7 55.Kd3 Rhh8 56.Rc2 Rhc8 57.Nc3 Nb8 58.Ke3 Nd7
59.Nd3 Rcb8 60.Rb1 Kf8 61.Nb2 Rb7 62.Nbxa4 Rba7 63.Nb2 Rxa3 64.Nd3 R3a7 65.Nb5 Rb7
66.Rbb2 Ke7 67.Ra2 Rxa2 68.Rxa2 Kd8 69.Na7 Nb8 70.Nc6+ Nxc6 71.dxc6 Rb8 72.b5 d5
73.exd5 Ke7 74.Ra7 Kd6 75.Nf2 Ng5 76.Ra1 Rh8 77.Rh1 Kc5 78.Ne4+ Nxe4 79.Kxe4 Kxc4  1-0

[Event "Leeuwarden op"]
[Site "Leeuwarden"]
[Date "1997.??.??"]
[Round "1"]
[White "Ulibin, Mikhail"]
[Black "De Jong, Migchiel"]
[Result "1-0"]
[WhiteElo "2535"]
[BlackElo "2325"]

1.d4 e6 2.c4 Nf6 3.g3 Bb4+ 4.Bd2 Bxd2+ 5.Qxd2 d5 6.Bg2 b6 7.cxd5 exd5 8.Nf3 O-O
9.O-O Bb7 10.Nc3 Na6 11.Rac1 Re8 12.Rfd1 Qe7 13.Nh4 Qe6 14.Qf4 Rad8 15.b4 c6
16.b5 Nb8 17.a4 c5 18.dxc5 bxc5 19.a5 Nbd7 20.e3 g6 21.Qc7 Rb8 22.a6 Rec8
23.Qxb7 Rxb7 24.axb7 Rb8 25.Nxd5 Nxd5 26.Bxd5 Qb6 27.Ra1 Rxb7 28.Bxb7 Qxb7
29.e4 c4 30.Nf3 Nc5 31.Ne5 Qxe4 32.Re1 Qd4 33.Rad1 Nd3 34.Nxd3 cxd3 35.Re3 Qa4
36.Rexd3 Qxb5 37.Ra3 a5 38.Rda1 h5 39.Rxa5 Qb2 40.h4 Kg7 41.Ra7 Qd4 42.R1a4 Qd1+
43.Kh2 Kh6 44.Rf4 f5 45.Re7 Qd6 46.Re2 Kg7 47.Rc4 Kh6 48.Rb2 Qd5 49.Rcb4 Qe5
50.Rc2 Qd6 51.Rb7 Qd4 52.Rf7 Qb6 53.Kg2 Qb8 54.Rcc7 Qa8+ 55.Rb7 Qh8 56.Rfd7 Qg8
57.Kg1 Qh8 58.Kh2 Qg8 59.Kg2 Qh8 60.Ra7 Qg8 61.Rf7 Qh8 62.Rab7 Qg8 63.Kf3 Qh8
64.Rfc7 Qg8 65.Rd7 Qh8 66.Kf4 Qg8 67.Rh7+ Qxh7 68.Rxh7+ Kxh7 69.Ke5 Kh6 70.Ke6 Kg7
71.f4 Kh7 72.Kf7 Kh6 73.Kg8  1-0

[Event "Ljubljana op"]
[Site "Ljubljana"]
[Date "1997.??.??"]
[Round "5"]
[White "Podvrsnik, Marko"]
[Black "Dizdar, Selim"]
[Result "0-1"]
[WhiteElo "2195"]
[BlackElo "2395"]

1.d4 e6 2.c4 Nf6 3.g3 Bb4+ 4.Bd2 Qe7 5.Bg2 Nc6 6.Nf3 Bxd2+ 7.Nbxd2 d6 8.O-O O-O
9.e3 a5 10.Qb1 e5 11.b3 h6 12.d5 Nb8 13.Nh4 Re8 14.e4 Na6 15.Re1 c6 16.a3 Bd7
17.b4 Reb8 18.Bf1 Qd8 19.Qb2 axb4 20.axb4 c5 21.b5 Nb4 22.Ng2 Ng4 23.h3 Nf6
24.Kh2 Nh7 25.f4 Qe7 26.Rxa8 Rxa8 27.Ra1 Re8 28.fxe5 dxe5 29.Nf3 Nf6 30.Qe2 Rf8
31.Nfh4 Ne8 32.Ne3 Nd6 33.Qf3 g6 34.Ng4 Kg7 35.Re1 Nc2 36.Rc1 Nd4 37.Qe3 Bxg4
38.hxg4 Qg5 39.Qxg5 hxg5 40.Ng2 Nf3+ 41.Kh1 Rh8+ 42.Nh4 gxh4 43.Kg2 Nd4 44.gxh4 Rxh4
45.Kg3  0-1

[Event "Minsk op"]
[Site "Minsk"]
[Date "1997.??.??"]
[Round "6"]
[White "Gleizerov, Evgeny"]
[Black "Chernuschevich, Alexei"]
[Result "1/2-1/2"]
[WhiteElo "2545"]
[BlackElo "2425"]

1.d4 Nf6 2.c4 e6 3.g3 Bb4+ 4.Bd2 a5 5.Bg2 d5 6.Nf3 Nc6 7.a3 Bxd2+ 8.Nbxd2 Ne4
9.Rc1 a4 10.e3 Nxd2 11.Nxd2 Ne7 12.Qc2 c6 13.O-O O-O 14.Rfd1 Nf5 15.Nf3 Nd6
16.c5 Ne4 17.Ne5 Nf6 18.Bf1 Nd7 19.Bd3 h6 20.f4 Nxe5 21.fxe5 Qg5 22.Qd2 f6
23.exf6 gxf6 24.e4 e5 25.Bb1 Bg4 26.Qxg5+ hxg5 27.Rd2 Bf3 28.exd5 cxd5 29.Bf5 Ra6
30.Kf2 Bh5 31.Re1 e4 32.g4 Bf7 33.h4 Be6 34.Ke3 Bxf5 35.gxf5 gxh4 36.Rg2+ Kf7
37.Reg1 Ke7 38.Rh1 Ra5 39.Kd2  1/2-1/2

[Event "Minsk op"]
[Site "Minsk"]
[Date "1997.??.??"]
[Round "9"]
[White "Vaulin, Alexander"]
[Black "Shipov, Sergei"]
[Result "0-1"]
[WhiteElo "2490"]
[BlackElo "2540"]

1.c4 Nf6 2.d4 e6 3.g3 Bb4+ 4.Bd2 Be7 5.Bg2 d5 6.Nf3 O-O 7.O-O c6 8.Qc2 b6
9.Bf4 Ba6 10.b3 Nbd7 11.Rd1 Rc8 12.Nc3 Nh5 13.Bc1 f5 14.Bb2 Bd6 15.e3 Qe7
16.a4 Nhf6 17.a5 Bb7 18.axb6 axb6 19.Ra7 Rc7 20.Rda1 Ne4 21.Ba3 Bxa3 22.R1xa3 Rfc8
23.Ra1 Qf8 24.Ne2 Qd6 25.Nf4 c5 26.Qb2 Qe7 27.dxc5 bxc5 28.Rd1 Ndf6 29.Ne5 Ra8
30.Rxa8+ Bxa8 31.f3 Ng5 32.h4 Nf7 33.Ra1 Bb7 34.Nxf7 Kxf7 35.Qe5 Rd7 36.Ra7 dxc4
37.bxc4 Bxf3 38.Rxd7 Nxd7 39.Qc7 Bxg2 40.Kxg2 Nf6 41.Qc8 Ng4 42.e4 fxe4 43.Qc6 Nf6  0-1

[Event "Mondariz op"]
[Site "Mondariz"]
[Date "1997.??.??"]
[Round "?"]
[White "Pinho, Paulo"]
[Black "Hernandez, Roman"]
[Result "0-1"]
[WhiteElo "2165"]
[BlackElo "2430"]

1.d4 Nf6 2.c4 e6 3.g3 Bb4+ 4.Bd2 Qe7 5.Bg2 Nc6 6.Nf3 Bxd2+ 7.Qxd2 Ne4 8.Qc2 Qb4+
9.Nc3 Nxc3 10.bxc3 Qxc4 11.e4 Qa6 12.Qc1 b6 13.Rb1 O-O 14.Bf1 Qa5 15.Rb5 Qa4
16.Rh5 Ne7 17.Bb5 Qa5 18.O-O a6 19.Qg5 Qxb5 20.Qh4 Ng6 21.Qh3 Qe2 22.Kg2 Qxe4
23.Re1 Qc2 24.Ng5  0-1

[Event "Kasparov Cup"]
[Site "Moscow"]
[Date "1997.??.??"]
[Round "?"]
[White "Kobylkin, Evgeni"]
[Black "Lukianenko, Evgenij"]
[Result "1/2-1/2"]
[WhiteElo "2385"]
[BlackElo "2275"]

1.d4 Nf6 2.c4 e6 3.g3 Bb4+ 4.Bd2 Qe7 5.Nf3 Nc6 6.Nc3 Bxc3 7.Bxc3 Ne4 8.Rc1 O-O
9.Bg2 Nxc3 10.Rxc3 d6 11.d5 Nb8 12.dxe6 fxe6 13.O-O e5 14.c5 Nc6 15.cxd6 cxd6
16.Nd2 Be6 17.Nc4 Rad8 18.Ne3 Nd4 19.Nd5 Qf7 20.Rc7 Rd7 21.Rxd7 Bxd7 22.e3 Bc6
23.exd4 Bxd5 24.Bxd5 Qxd5 25.dxe5 Qxe5 26.Qb3+ Rf7 27.Rc1 d5 28.Rc8+ Rf8
29.Qc3 Qf5 30.Rxf8+ Kxf8 31.h4 Qb1+ 32.Kg2 Qxa2 33.Qc8+ Kf7 34.Qxb7+ Kf6
35.Qb4 Qc4 36.Qxc4 dxc4 37.Kf3 Ke5 38.Ke3 h5 39.f3 a5 40.Kd2 Kd4 41.g4 g6
42.gxh5 gxh5 43.Kc2 Ke3  1/2-1/2

[Event "JUG-chT"]
[Site "Niksic"]
[Date "1997.??.??"]
[Round "5"]
[White "Stamenkovic, Zoran"]
[Black "Vratonjic, Slobodan"]
[Result "1/2-1/2"]
[WhiteElo "2425"]
[BlackElo "2435"]

1.d4 Nf6 2.c4 e6 3.g3 Bb4+ 4.Bd2 Bxd2+ 5.Qxd2 O-O 6.Bg2 d5 7.Nf3 Nbd7 8.O-O b6
9.cxd5 Nxd5 10.e4 N5f6 11.Nc3 Bb7 12.Rfe1 c5 13.d5 exd5 14.exd5 a6 15.a4 Re8
16.Nh4 g6 17.f4 Rxe1+ 18.Rxe1 Qf8 19.Nf3 Re8 20.Ne5 Qd6 21.Nc4 Rxe1+ 22.Qxe1 Qf8
23.h3 Qe8 24.Qd1 Qb8 25.Qe2  1/2-1/2

[Event "NOR-chT"]
[Site "NOR"]
[Date "1997.??.??"]
[Round "4"]
[White "Heim, Sverre"]
[Black "Egeli, Per Ove"]
[Result "1-0"]
[WhiteElo "2400"]
[BlackElo "2315"]

1.d4 Nf6 2.c4 e6 3.g3 Bb4+ 4.Nd2 O-O 5.Bg2 d5 6.Nf3 c6 7.O-O b6 8.Qc2 Bb7
9.Rd1 Nbd7 10.e4 Rc8 11.e5 Bxd2 12.Nxd2 Ne8 13.b3 c5 14.Ba3 Qc7 15.cxd5 exd5
16.Nf3 Qc6 17.Ng5 Qh6 18.Qf5 Nc7 19.Qxd7 Qxg5 20.f4 Qg6 21.dxc5 bxc5 22.Bxc5 Rfd8
23.Qh3 Nb5 24.f5 Qa6 25.b4 Nc3 26.Re1 Ne4 27.Qg4 Qa3 28.f6 g6 29.Bxe4 dxe4
30.Qf4 Kh8 31.Qh6 Rg8 32.e6 Bd5 33.exf7 Bxf7 34.Rxe4 Qf3 35.Rh4  1-0

[Event "CZE-ch op"]
[Site "Nymburk"]
[Date "1997.??.??"]
[Round "?"]
[White "Sykora, Robert"]
[Black "Chloupek, Stanislav"]
[Result "0-1"]
[WhiteElo "2125"]
[BlackElo "2335"]

1.d4 Nf6 2.c4 e6 3.g3 Bb4+ 4.Bd2 a5 5.Bg2 d5 6.Qc2 Nc6 7.Nf3 Be7 8.O-O Bd7
9.a3 O-O 10.Bf4 a4 11.cxd5 Nxd5 12.Nc3 Nxf4 13.gxf4 Ra5 14.Ne4 h6 15.Nc5 Nxd4
16.Nxd4 Rxc5 17.Qd3 b6 18.Rfd1 Bd6 19.e3 Qf6 20.Rac1 Rb8 21.b4 axb3 22.Qxb3 Ra5
23.Nc6 Bxc6 24.Bxc6 Rxa3 25.Qb5 Ra2 26.Rb1 Qg6+ 27.Bg2 Qc2 28.Qf1 b5 29.Rdc1 Qf5
30.Bh3 Qg6+ 31.Kh1 b4 32.Rb3 Rba8 33.f5 exf5  0-1

[Event "World op"]
[Site "Philadelphia"]
[Date "1997.??.??"]
[Round "1"]
[White "Ippolito, Dean"]
[Black "Inocencio, Edgarlino S"]
[Result "1-0"]
[WhiteElo "2390"]
[BlackElo "2190"]

1.d4 Nf6 2.c4 e6 3.g3 Bb4+ 4.Bd2 a5 5.Bg2 O-O 6.Nf3 b6 7.Ne5 Ra7 8.O-O Bb7
9.Bxb7 Rxb7 10.Bf4 Be7 11.Nc3 c6 12.e4 b5 13.cxb5 cxb5 14.Ng4 b4 15.Nxf6+ Bxf6
16.Ne2 d6 17.Qa4 Qb6 18.Rac1 h6 19.Rfd1 Rd8 20.h4 g5 21.hxg5 hxg5 22.Bxd6 Qxd6
23.e5 Qa6 24.exf6 Qxe2 25.Qxa5 Nd7 26.Qxg5+ Kf8 27.Qg7+ Ke8 28.Re1 Qa6 29.d5 Nf8
30.Rc6 Qxa2 31.dxe6  1-0